LIBRARY ONLINE CATALOGUE

Influence of implementation strategies of guidance and counselling programmes on bemaviour change of pupils in public primary schools in Kisii county, Kenya / (Record no. 20426)

MARC details
000 -LEADER
fixed length control field 00455nam a22001217a 4500
008 - FIXED-LENGTH DATA ELEMENTS--GENERAL INFORMATION
fixed length control field 240520b |||||||| |||| 00| 0 eng d
050 ## - LIBRARY OF CONGRESS CALL NUMBER
Classification number LB1027.5
Item number .K43 2018
100 ## - MAIN ENTRY--PERSONAL NAME
Personal name Kebati, Oigara Zachary
245 ## - TITLE STATEMENT
Title Influence of implementation strategies of guidance and counselling programmes on bemaviour change of pupils in public primary schools in Kisii county, Kenya /
Statement of responsibility, etc. Oigara Zachary Kebati
260 ## - PUBLICATION, DISTRIBUTION, ETC. (IMPRINT)
Date of publication, distribution, etc. 2018
300 ## - PHYSICAL DESCRIPTION
Extent xvi, 215p.
942 ## - ADDED ENTRY ELEMENTS (KOHA)
Source of classification or shelving scheme Library of Congress Classification
Koha item type Thesis, Dissertation and Projecs
Holdings
Withdrawn status Lost status Source of classification or shelving scheme Not for loan Home library Current library Date acquired Inventory number Total Checkouts Full call number Barcode Date last seen Copy number Price effective from Koha item type
    Library of Congress Classification   Kabarak, Main Campus Kabarak, Main Campus 20/05/2024 1677/2020   LB1027.5 .K43 2018 C.1 030490 20/05/2024 C.1 20/05/2024 Thesis, Dissertation and Projecs